| 000 | 00314nam a22001211a 4500 | ||
|---|---|---|---|
| 082 |
_a305.568 8 _bINT |
||
| 245 |
_aIn the cause of dalits: _bstruggle for social justice/ |
||
| 260 |
_aNew Delhi: _bCommunist Party of India, _c2012. |
||
| 300 | _a158p. | ||
| 650 | _aDalits | ||
| 650 | _aSocial Sciences | ||
| 942 | _cBK | ||
| 999 |
_c19244 _d19244 |
||